| 000 | 00732nam a2200229Ia 4500 | ||
|---|---|---|---|
| 001 | 1583 | ||
| 003 | GE_BSU | ||
| 008 | 181216s||||||||xx |||||||||||||| ||und|| | ||
| 020 | _a9789994095698 | ||
| 040 | _cGE_BSU | ||
| 080 | _a621.395.(075.8)+621.396(075.8) | ||
| 100 | _aმოდებაძე,ი. [და სხვა]. | ||
| 245 | _aციფრული ტექნიკის საფუძვლები. | ||
| 245 | _bსახელმძღვანელო. | ||
| 260 | _aთბ. | ||
| 260 | _bტექნ. უნ-ტი. | ||
| 260 | _c2007 | ||
| 300 | _a155გვ;19სმ. | ||
| 541 | _h6 ლ. | ||
| 653 | _aციფრული ტექნიკის საფუძვლები. | ||
| 942 | _cBK | ||
| 999 |
_c35710 _d35710 |
||